| 000 | 00823nam a2200133 4500 | ||
|---|---|---|---|
| 020 | _a9789874639400 | ||
| 080 | _a347.965 M 332 | ||
| 245 | _aMarco regulatorio de la Abogacia de la Provincia de Buenos Aires | ||
| 260 |
_aLa Plata: _bCaja de Abogados pPovincia de Buenos Aires, _c2016 |
||
| 300 |
_a104 P. _c27 X 18 Cm. |
||
| 650 |
_xabogacia _xabogados _xleyes _xnormas de etica _xetica profesional _xley 6716 _xregimen previsional _xley 5177 _xejercicio profesional _xdec- ley 8904 _xley arancelaria _xhonorarios _xart. 125 _xConstitucion de la Nacion _xarts. 40 _xarts. 41 _xConstitucion de la Provincia de Buenos Aires _xley 12008 _xcodigo contencioso administrativo _xcaja de abogados _xdoctrina _xcontrol judicial _xcolegios de abogados _xfuncionamiento _xdecreto 180/ 87 _xjurisprudencia _xAction Vis |
||
| 945 |
_acd _d2024-09-06 |
||
| 999 |
_c5419 _d235923 |
||
| 942 | _6_ | ||